FIFA World Cup Balls - Statistics

General Stats
  • This quiz has been taken 24 times
  • The average score is 8 of 23
Answer Stats
Picture Answer % Correct
Jabulani
95%
Telstar
80%
Brazuca
70%
Al RIHLA
55%
Fevernova
55%
+Teamgeist
50%
Telstar 18
45%
Etrusco Unico
40%
Tricolore
40%
Tango España
35%
Questra
30%
Azteca México
25%
Allen
20%
Challenge 4-Star
20%
Federale
20%
Telstar Durlast
20%
T-Model
20%
Tiento
15%
Top Star
15%
Tango Durlast
10%
Mr. Crack
5%
Super Duplo T
5%
Swiss WC Match Ball
5%
No matching quizzes found
Score Distribution
Percent of People with Each Score
Percentile by Number Answered
Your Score History
You have not taken this quiz